=LDR 00000nam 2200000 4500 =001 NUTBA000000000000563 =005 20170410115021.0 =006 =007 =008 =020 ##$$a 979-780-484-4 =035 ##$$0010-031400000000562 =082 ##$$a 813 =090 ##$$a 813 Har f =100 ##$$a Kristin Hannah =245 ##$$a Jejak Kunang - kunang =260 ##$$a Jakarta Selatan $b Gagas Media $c 2011 =300 ##$$a ...627 hlm $c 22 cm =850 ##$$a NBPNMAT =990 ##$$a 91629/BPAP-NTB/2014